LEADER 01321nam a2200265 u 4500 001 000000029317 003 CaOOAMICUS 005 20070226111913.0 008 970227s1927 it u000 u ita u 035 $a10753439 040 $aPUL$bita 041 0 $aita$heng 100 1 $aBelloc, Hilaire,$d1870-1953.$0(OLS)http://pul/name/6319 240 10$aEurope and faith.$9Belloc, Hilaire.$lItaliano.$0(OLS)http://pul/title/40143 245 12$aL'anima cattolica de l'Europa /$cVersione dall'inglese, approvata dall'autore, e prefazione di Mario Bendiscioli. 260 $aBrescia :$bMorcelliana,$c1927. 300 $a291 p., ;$c20 cm 650 4$aCattolicesimo$zEuropa.$0(OLS)http://pul/subject/14608 850 $aPUL 852 $aPUL$W1$xDP1 Fondo Maccarrone$y58$m1510 E 22$j40611$nBK-PRI$b $qFondi$B40611$CPULBib$Z2$F40611 $H $81 852 $aPUL$W1$xDP1 Fondo Cecchetti$y53$m282 H 40$j40612$nBK-PRI$b $qFondi$B40612$CPULBib$Z2$F40612 $HPUL5508 $81 852 $aPUL$W1$xDP1 Fondo Dalla Palma$y117$m3 B 100$j162958$qFondi$B195065$CPULBib$Z2$F195065 $HDal1958 $81 941 1 $a1 996 $6245$aL'anima cattolica de l'Europa$9(OLS)http://pul/title/40144 996 $6260$aBrescia :$bMorcelliana$9(OLS)http://pul/publisher/47854 LEADER 01717nam a2200337 a 4500 001 000000176863 003 CaOOAMICUS 005 20240523154845.0 008 240523s2024 it 000 u ita r 020 $a978-88-495-5439*(Ediz. Scientifiche Italiane) 032 $aLibriCat 040 $aPUL$bita 084 $a344. 4505 100 1 $aGagliardi, Barbara.$0(OLS)http://pul/name/85884 245 13$aIl pubblico concorso come funzione amministrativa / $cBarbara Gagliardi. 260 $aNapoli :$bEdizioni scientifiche italiane,$c2024$aTorino :$bUniversità degli Studi di Torino 300 $aVIII, 338 p. ;$c24 cm$b 490 1 $aMemorie del Dipartimento di giurisprudenza dell'Università di Torino ;$v25/2024$a 504 $aBibliografia in nota. 650 4$aImpiego pubblico$xLegislazione$zItalia.$0(OLS)http://pul/subject/46813 830 0$aMemorie del Dipartimento di Giurisprudenza dell'Università di Torino ;$v25/2024.$0(OLS)http://pul/title/203621 850 $aPUL 852 $aPUL$W1$xDP1 Cons. Gen., Altre Classi 1$y22$m1039 F 7.25$j200865$qStampati$B205822$CPULBib$Z2$F205822 $H136972 $82 941 1 $a8 983 0$adg (Dipartimento di giurisprudenza - Università di Torino) 996 $6020$a978-88-495-5439*(Ediz. Scientifiche Italiane)$9(OLS)http://pul/number/169736 996 $6084$a344. 4505$9(OLS)http://pul/classification/3440 996 $6245$aIl pubblico concorso come funzione amministrativa / $9(OLS)http://pul/title/218360 996 $6260$aNapoli :$bEdizioni scientifiche italiane$9(OLS)http://pul/publisher/48388 996 $6260$aTorino :$bUniversità degli Studi di Torino$9(OLS)http://pul/publisher/87349